A Magyar Közalkalmazottak Almanachja

Bibliographic Details
Main Author: Féjer, Ottó (Author)
Format: Book
Language:English
PhysicalDescription:429,48 s.
Published: Budapest Nyers István 1939

MARC

LEADER 00000nam a2200000 a 4500
001 vtls010092144
003 SK-MaSNL
005 20260302044700.0
008 240318 000 0 eng
035 |a 400CA2E3-39BA-495F-8475-7B0B28A7E35D 
035 |a urn:nbn:sk:snk-amk2qi 
035 |a urn:nbn:sk:snk-am0083g3 
040 |a SNK  |b slo  |c SNK  |e AACR2 
041 0 |a eng 
100 1 |a Féjer, Ottó  |4 aut  |9 700786 
245 1 0 |a A Magyar Közalkalmazottak Almanachja 
260 |a Budapest  |b Nyers István  |c 1939 
300 |a 429,48 s. 
958 |a OND 
999 |c 1090663  |d 1092593 
952 |a SNK  |b SNK  |y VYP  |7 0  |p 17A0645077  |o snkSB 12403 D2  |i snkK 4687/72  |8 3  |0 0  |1 0  |4 0  |d 2010-05-05  |l 0  |r 2026-02-24 16:55:53  |w 2026-02-24 
952 |a SNK  |b SNK  |y PREZ  |7 0  |p 17A0645101  |o snkSB 12403  |i snkKIK 935/56  |8 3  |3 rekatalogizácia  |0 0  |1 0  |4 0  |d 2010-05-05  |f 1  |l 0  |r 2025-03-06 00:00:00  |w 2026-02-24 
952 |a SNK  |b SNK  |y VYP  |7 0  |p 17A0645076  |o snkSB 12403 D1  |i snkK 3322/66  |8 3  |0 0  |1 0  |4 0  |d 2010-05-05  |l 0  |r 2026-02-24 16:55:53  |w 2026-02-24